000 00432nam a2200169Ia 4500
999 _c4520
_d4520
020 _a0-333-74071-8
082 _a327 PAY-G
100 _aPayne, Anthony
245 0 _aGlobal politics of unequal development
260 _aHampshire
_bPalgrave Macmillan
_c2005
300 _axii, 304
504 _aincludes index
650 _aWorld politics
650 _aInternational relations
650 _aInternational politics
942 _cBK